000 00571nam a2200181Ia 4500
003 GCL
008 140319s9999 xx 000 0 ara d
040 _aGCL /
_cGCL
082 0 4 _a811.0092
_bس ش
100 1 _aسعيد مصلح السريحى
245 1 0 _aشعر ابى تمام بين النقد القديم ورؤية النقد الجديد /
_cسعيد مصلح السريحى
260 _a[S.N] :
_bدار البلاد ،
_c1983
300 _a318 ص
490 _a
650 0 4 _aالشعر العربى
650 0 4 _aتاريخ ونقد
942 _2ddc
_cBK
999 _c40905
_d40905